000 00277nam a2200097Ia 4500
008 171211s9999 xx 000 0 und d
245 _aDiscovery of Judo's Arsenal: Shin-Gi-Tai
260 _c2008
650 _xMartial Arts
856 _uhttp://down.ebook777.com/064/2980626988.pdf
999 _c348187
_d348187